| 000 | 01102nam a2200265Ia 4500 | ||
|---|---|---|---|
| 003 | Ost | ||
| 005 | 20260507075649.0 | ||
| 008 | 260507s9999||||xx |||||||||||||| ||und|| | ||
| 020 | _a4559249960 | ||
| 040 | _cfsecg | ||
| 041 | _aara | ||
| 082 | _a658.314 | ||
| 100 |
_aهاييس، نيكي _eمؤلف |
||
| 245 | 0 |
_aإدارة الفريق : _bاستراتيجية النجاح / _c نيكي هاييس |
|
| 260 |
_aالرياض: _bدار المريخ للنشر, _c2005 |
||
| 300 |
_a276 صفحة؛ _bإيضاحات ؛ _c24 سم |
||
| 504 | _aالمراجع ص.576 | ||
| 520 | _aلماذا نستخدم الفريق؟- الفريق والمجموعة- بناء الفريق- الفريق وقائده- تقويم أداء الفريق- الفريق وتنظيمه- تنفيذ عمل الفريق- ملخص واستنتاجات. | ||
| 653 | _aإدارة الأفراد | ||
| 653 | _aالإدارة | ||
| 653 | _aالإدارة التنفيذية | ||
| 653 | _aالنجاح الإداري | ||
| 700 |
_aسرور، سرور علي ابراهيم _eمؤلف ثانوي |
||
| 942 | _cكتاب | ||
| 999 |
_c45556 _d45556 |
||